Statistics for Arizona True or False?

Click here to take the quiz!

General Stats

  • This quiz has been taken 1,805 times
  • The average score is 12 of 15

Answer Stats

QuestionAnswer% Correct
The Grand Canyon is located in ArizonaTrue
93%
Arizona has no riversFalse
91%
Arizona once belonged to MexicoTrue
90%
The temperature in Phoenix commonly exceeds 100 °F (38 °C).True
89%
Arizona borders TexasFalse
88%
Arizona has alligators living in the wildFalse
88%
The population of Arizona has declined in recent decadesFalse
83%
Meteor Crater was formed 65 million years ago by the asteroid that killed the dinosaursFalse
82%
Scottsdale is near PhoenixTrue
81%
Turquoise is the state gemstoneTrue
80%
The Navajo Nation reservation can be found in ArizonaTrue
78%
John McCain represented Arizona in the U.S. SenateTrue
77%
Tucson is located in the northern part of the stateFalse
70%
Pluto was discovered by an astronomer working in ArizonaTrue
59%
Only about 0.1% of Arizona is forestedFalse
55%

Score Distribution

Percentile by Number Answered

Percent of People with Each Score

Your Score History

You have not taken this quiz